| 000 | 01084nam a2200301 a 4500 | ||
|---|---|---|---|
| 001 | 000112283 | ||
| 003 | CHAP | ||
| 005 | 20220329144254.0 | ||
| 008 | 160121s2015 mx sm |||||||spa d | ||
| 010 | _a108744 | ||
| 011 | _a109716 | ||
| 040 | _cCHAP | ||
| 090 | _aTesis | ||
| 100 | 1 |
_aLópez Sánchez, Cristian _9125813 |
|
| 245 | 1 | 0 |
_aResistencia a virus en germoplasma de tomate de cáscara (Physalis spp.) _h[En línea] _cpor Cristian López Sánchez. |
| 260 |
_aChapingo, Méx. : _bEl autor, _c2015. |
||
| 500 | _aPara ver el contenido del material haga clic en la liga | ||
| 502 | _aTesis (M. C. en Horticultura) -- UACH. Departamento de Fitotecnia | ||
| 590 |
_aE5765TAJ _b05 _c20160121 _lUCH01 _h1245 |
||
| 590 |
_aE5765TAJ _b05 _c20160121 _lUCH01 _h1246 |
||
| 650 | 1 | 4 |
_aTomate verde _xEnfermedades por virus. _9113812 |
| 650 | 1 | 4 |
_aTomate verde _xGermoplasma. _9113818 |
| 650 | 1 | 4 |
_aTomate _xVariedades resistentes a enfermedades. _9113778 |
| 856 |
_aFinding aid _uhttp://10.13.5.2/tesis/sist112283.pdf _zTeclea aquí |
||
| 901 | _aBK | ||
| 942 | _cTESIS | ||
| 942 | _n0 | ||
| 999 |
_c108744 _d108744 |
||